| 000 | 005700000a22001930004500 | ||
|---|---|---|---|
| 090 |
_aAR _b00723 |
||
| 245 | 1 | 0 | _aAdvertisement call of Centrolene geckoideum |
| 650 | 1 | 4 |
_aAnfibios _992768 |
| 650 | 1 | 4 |
_aBioacústica _952592 |
| 650 | 1 | 4 |
_aEtología _97606 |
| 651 | 4 |
_dValle del Cauca _pColombia _992749 |
|
| 653 |
_gCentrolene _eCentrolene geckoideum |
||
| 041 | 0 | _aInglés | |
| 700 | 1 |
_aCastro, Fernando _993077 |
|
| 700 | 1 |
_aBolovar G., Wilmar _993897 |
|
| 100 | 1 |
_aGrant, Taran _993078 |
|
| 942 | _cARTICULO | ||
| 773 | 1 |
_tJournal of Herpetology _349 _h3 _q452-455 _d1998 _g32 |
|
| 999 |
_c9814 _d9814 |
||